[Event "CRO-chT2 Center 22nd"]
[Site "Sisak"]
[Date "2013.04.14"]
[Round "2.1"]
[White "Medic, Miljenko"]
[Black "Machata, Martin"]
[Result "1/2-1/2"]
[WhiteElo "2224"]
[BlackElo "2249"]
[PlyCount "20"]
[EventDate "2013.04.14"]
[EventType "team-tourn"]
[EventRounds "11"]
[EventCountry "CRO"]
[SourceTitle "EXT 2016"]
[Source "ChessBase"]
[SourceDate "2015.10.08"]
[SourceVersion "1"]
[SourceVersionDate "2015.10.08"]
[SourceQuality "1"]

1. d4 g6 2. c4 Bg7 3. Nc3 c5 4. d5 d6 5. e4 e5 6. g3 Ne7 7. Bg2 Nd7 8. Nge2 a6 9. 0-0 0-0 10. Be3 Rb8 1/2-1/2

[Event "CRO-chT3 Center-A"]
[Site "Zagreb"]
[Date "2011.10.16"]
[Round "8.35"]
[White "Medic, Miljenko"]
[Black "Karlic, Zvjezdan"]
[Result "1/2-1/2"]
[WhiteElo "2246"]
[BlackElo "2206"]
[PlyCount "64"]
[EventDate "2011.03.13"]
[EventType "team-tourn"]
[EventRounds "11"]
[EventCountry "CRO"]
[SourceTitle "EXT 2014"]
[Source "ChessBase"]
[SourceDate "2013.11.20"]
[SourceVersion "1"]
[SourceVersionDate "2013.11.20"]
[SourceQuality "1"]

1. d4 Nf6 2. c4 g6 3. Nc3 d5 4. Nf3 Bg7 5. cxd5 Nxd5 6. e4 Nxc3 7. bxc3 c5 8. Rb1 0-0 9. Be2 cxd4 10. cxd4 Nc6 11. d5 Na5 12. Bb2 Bg4 13. Bxg7 Kxg7 14. h4 Qc7 15. Qd4+ Kg8 16. h5 Bxh5 17. Ng5 Bxe2 18. Rxh7 f6 19. Ne6 Qc2 20. Rg7+ Kh8 21. Rb2 Qd3 22. Rxe7 Qxd4 23. Nxd4 Bd3 24. Rd2 Bc4 25. Ne6 Rfe8 26. Rf7 f5 27. f3 Nc6 28. Rxb7 Nd8 29. Nxd8 Raxd8 30. Rb4 Bxd5 31. Rbd4 fxe4 32. fxe4 Rc8 1/2-1/2

[Event "Zadar op-B 17th"]
[Site "Zadar"]
[Date "2010.12.12"]
[Round "1"]
[White "Lasic, Vitomir"]
[Black "Medic, Miljenko"]
[Result "0-1"]
[WhiteElo "1953"]
[BlackElo "2258"]
[PlyCount "88"]
[EventDate "2010.12.12"]
[EventType "swiss"]
[EventRounds "9"]
[EventCountry "CRO"]
[SourceTitle "CBM 139 Extra"]
[Source "ChessBase"]
[SourceDate "2011.01.05"]
[SourceVersion "1"]
[SourceVersionDate "2011.01.05"]
[SourceQuality "1"]

1. d4 Nf6 2. Nc3 d5 3. Bg5 Bf5 4. e3 e6 5. Bd3 Bg6 6. Bxg6 hxg6 7. e4 dxe4 8. Nxe4 Be7 9. Bxf6 gxf6 10. c3 Qd5 11. Qf3 Nd7 12. Nd2 Qxf3 13. Ngxf3 f5 14. 0-0-0 c5 15. Nc4 cxd4 16. Nxd4 Nf6 17. Nb5 0-0 18. Rhf1 a6 19. Nd4 Nd5 20. Kb1 Rfc8 21. Na5 b5 22. Rfe1 Bc5 23. Rd2 Kg7 24. g3 Ra7 25. Nab3 Be7 26. Rde2 Nb6 27. Nf3 Nc4 28. Nfd2 Nd6 29. Nd4 a5 30. h4 b4 31. cxb4 axb4 32. h5 Bf6 33. h6+ Kh7 34. Nxe6 Rca8 35. f4 Rxa2 36. Ng5+ Kxh6 37. Rh2+ Kg7 38. Nb3 Nc4 39. Ree2 Bxg5 40. fxg5 Nd6 41. Re7 R2a7 42. Re5 Ne4 43. g4 Nxg5 44. Rb5 Nf3 0-1

[Event "CRO-chT3A Center"]
[Site "Zagreb"]
[Date "2010.04.25"]
[Round "5.65"]
[White "Medic, Miljenko"]
[Black "Basaric, Srdjan"]
[Result "0-1"]
[WhiteElo "2256"]
[BlackElo "2137"]
[PlyCount "84"]
[EventDate "2010.03.21"]
[EventType "team-tourn"]
[EventRounds "11"]
[EventCountry "CRO"]
[SourceTitle "EXT 2012"]
[Source "ChessBase"]
[SourceDate "2011.11.24"]
[SourceVersion "1"]
[SourceVersionDate "2011.11.24"]
[SourceQuality "1"]

1. d4 Nf6 2. c4 e6 3. Nc3 Bb4 4. Qc2 c5 5. dxc5 0-0 6. Bg5 Qa5 7. Bxf6 gxf6 8. e3 Na6 9. a3 Bxc3+ 10. bxc3 Nxc5 11. Bd3 Nxd3+ 12. Qxd3 b6 13. Nf3 d5 14. 0-0 dxc4 15. Qxc4 Qh5 16. Qf4 Qg6 17. Rfd1 e5 18. Qg3 Be6 19. a4 Rac8 20. a5 Rxc3 21. axb6 axb6 22. Rdb1 Rb8 23. Nd2 Qxg3 24. hxg3 Bd5 25. Rb5 Rd3 26. Rb2 b5 27. e4 Be6 28. Kf1 b4 29. Ke2 Rd4 30. Ra4 Bd7 31. Ra5 Bb5+ 32. Kd1 Bd3 33. Rd5 Rxd5 34. exd5 Kf8 35. Nb3 Bc4 36. Nc5 Ke7 37. Kd2 Kd6 38. Ne4+ Kxd5 39. Nxf6+ Kd4 40. f3 b3 41. Kc1 Bd3 42. Kd2 Bg6 0-1

[Event "CRO-chT3A Center"]
[Site "Zagreb"]
[Date "2010.04.18"]
[Round "4.15"]
[White "Vuga, Jovan"]
[Black "Medic, Miljenko"]
[Result "0-1"]
[WhiteElo "2155"]
[BlackElo "2256"]
[PlyCount "78"]
[EventDate "2010.03.21"]
[EventType "team-tourn"]
[EventRounds "11"]
[EventCountry "CRO"]
[SourceTitle "EXT 2012"]
[Source "ChessBase"]
[SourceDate "2011.11.24"]
[SourceVersion "1"]
[SourceVersionDate "2011.11.24"]
[SourceQuality "1"]

1. c4 Nf6 2. Nc3 e6 3. Nf3 d5 4. d4 c5 5. cxd5 cxd4 6. Nxd4 Nxd5 7. Ndb5 a6 8. e4 Nb4 9. Qxd8+ Kxd8 10. Na3 Bc5 11. Bf4 f6 12. 0-0-0+ Ke7 13. Na4 Nxa2+ 14. Kb1 Bxa3 15. Kxa2 Bb4 16. Nb6 e5 17. Nxa8 Be6+ 18. b3 exf4 19. Nb6 Nc6 20. Bc4 Bc5 21. Nd5+ Bxd5 22. Bxd5 Bxf2 23. Bxc6 bxc6 24. Rc1 c5 25. Rhd1 Rb8 26. Rc4 a5 27. Kb2 Ke6 28. Ra4 Rb5 29. Rb1 Ke5 30. Kc2 Bd4 31. Kd3 g5 32. Kc4 Rb4+ 33. Rxb4 axb4 34. Kd3 g4 35. Rf1 h5 36. h3 f3 37. g3 h4 38. hxg4 hxg3 39. Rxf3 g2 0-1

[Event "Zadar op-B 16th"]
[Site "Zadar"]
[Date "2009.12.19"]
[Round "9"]
[White "Kljako, Damir"]
[Black "Medic, Miljenko"]
[Result "1/2-1/2"]
[WhiteElo "2162"]
[BlackElo "2256"]
[PlyCount "27"]
[EventDate "2009.12.13"]
[EventType "swiss"]
[EventRounds "9"]
[EventCountry "CRO"]
[SourceTitle "CBM 133 Extra"]
[Source "ChessBase"]
[SourceDate "2010.01.05"]
[SourceVersion "1"]
[SourceVersionDate "2010.01.05"]
[SourceQuality "1"]

1. d4 d5 2. Nf3 Nf6 3. Bf4 e6 4. Nbd2 c5 5. c3 Nc6 6. e3 Be7 7. h3 Bd7 8. a4 0-0 9. Bd3 Rc8 10. 0-0 cxd4 11. exd4 a6 12. Qe2 Qb6 13. b4 Na7 14. Rfc1 1/2-1/2

[Event "Zadar op-B 16th"]
[Site "Zadar"]
[Date "2009.12.18"]
[Round "8"]
[White "Medic, Miljenko"]
[Black "Pandurevic, Miro"]
[Result "0-1"]
[WhiteElo "2256"]
[BlackElo "2277"]
[PlyCount "84"]
[EventDate "2009.12.13"]
[EventType "swiss"]
[EventRounds "9"]
[EventCountry "CRO"]
[SourceTitle "CBM 133 Extra"]
[Source "ChessBase"]
[SourceDate "2010.01.05"]
[SourceVersion "1"]
[SourceVersionDate "2010.01.05"]
[SourceQuality "1"]

1. d4 Nf6 2. c4 e6 3. Nc3 d5 4. Bg5 dxc4 5. e4 h6 6. Bxf6 Qxf6 7. Bxc4 Nc6 8. Nf3 Bb4 9. 0-0 0-0 10. e5 Qe7 11. Ne4 Rd8 12. Qd3 Nxd4 13. Nxd4 c5 14. Nf6+ gxf6 15. Qg3+ Kf8 16. Nf3 f5 17. Rfd1 Bd7 18. Qf4 Kg7 19. Rd6 Bc6 20. Rad1 Ba5 21. Qg3+ Kh7 22. b4 Bxb4 23. h4 Rg8 24. Qh3 Rg4 25. Be2 Rag8 26. Ng5+ R8xg5 27. hxg5 Rxg2+ 28. Kf1 Qxg5 29. f3 Rg3 30. Qh1 c4 31. R6d4 Qe3 32. Qh2 f4 33. Qf2 Qxf2+ 34. Kxf2 Bc5 35. Ke1 c3 36. Bd3+ Kg7 37. Rxf4 Rg1+ 38. Ke2 Rg2+ 39. Ke1 c2 40. Ra1 Rg1+ 41. Bf1 Be3 42. Rc4 Bb5 0-1

[Event "Zadar op-B 16th"]
[Site "Zadar"]
[Date "2009.12.14"]
[Round "3"]
[White "Draskovic, Luka"]
[Black "Medic, Miljenko"]
[Result "0-1"]
[WhiteElo "2113"]
[BlackElo "2256"]
[PlyCount "74"]
[EventDate "2009.12.13"]
[EventType "swiss"]
[EventRounds "9"]
[EventCountry "CRO"]
[SourceTitle "CBM 133 Extra"]
[Source "ChessBase"]
[SourceDate "2010.01.05"]
[SourceVersion "1"]
[SourceVersionDate "2010.01.05"]
[SourceQuality "1"]

1. e4 d6 2. d4 Nf6 3. Nc3 g6 4. Be3 c6 5. f3 Bg7 6. Qd2 b5 7. Bd3 0-0 8. Nge2 e5 9. dxe5 dxe5 10. 0-0 a6 11. Rad1 Nbd7 12. Nb1 c5 13. c4 b4 14. Bc2 Qc7 15. Qe1 Nb6 16. Nd2 Be6 17. b3 a5 18. Qf2 Rfc8 19. h3 a4 20. f4 axb3 21. axb3 exf4 22. Nxf4 Ra2 23. Bd3 Nbd7 24. Nd5 Bxd5 25. exd5 Ne5 26. Be2 Nfd7 27. Kh1 f5 28. Bf4 Re8 29. Rfe1 Qd8 30. Nf3 Nxf3 31. Qxf3 Bc3 32. d6 Bxe1 33. Rxe1 Qf6 34. Bg3 Re4 35. Kh2 Qe6 36. Bd3 Rxe1 37. Bxe1 Qxe1 0-1

[Event "CRO-chT3"]
[Site "Zagreb"]
[Date "2008.04.13"]
[Round "3"]
[White "Brkic, Djordje2222"]
[Black "Medic, Miljenko"]
[Result "0-1"]
[WhiteElo "2183"]
[BlackElo "2247"]
[PlyCount "122"]
[EventDate "2008.03.30"]
[EventType "team-tourn"]
[EventRounds "9"]
[EventCountry "CRO"]
[SourceTitle "EXT 2011"]
[Source "ChessBase"]
[SourceDate "2010.11.26"]
[SourceVersion "1"]
[SourceVersionDate "2010.11.26"]
[SourceQuality "1"]

1. e4 d6 2. d4 Nf6 3. Bd3 g6 4. Nf3 Bg7 5. Bg5 c5 6. c3 Qb6 7. Qc2 cxd4 8. Nxd4 Bd7 9. Nd2 Nc6 10. N4f3 Rc8 11. Nc4 Qc7 12. Ne3 Qb8 13. Qd2 h6 14. Bh4 g5 15. Bg3 Nh5 16. Nf5 Bxf5 17. exf5 Nxg3 18. hxg3 a6 19. Qe3 Bf6 20. Rd1 Ne5 21. Nxe5 Bxe5 22. f4 gxf4 23. gxf4 Bf6 24. g4 Rc5 25. Rd2 Kd7 26. Bxa6 Qa7 27. Be2 b6 28. Qe4 Kd8 29. a4 Qb8 30. Kf2 Ke8 31. Rd3 d5 32. Qf3 Rc4 33. Kg3 Rxf4 34. Qxf4 Be5 35. Rf3 Bxf4+ 36. Rxf4 Qe5 37. Bd3 Kf8 38. Kf3 Kg7 39. Rb4 Qd6 40. Bc2 e6 41. Rf4 exf5 42. gxf5 Kf6 43. Rh5 Qe5 44. Rfh4 Qe1 45. Rh1 Qe5 46. R1h4 Rg8 47. Rxh6+ Ke7 48. Rh3 Qe1 49. Bd3 Qd2 50. Be2 Qxb2 51. Kf2 Qd2 52. Re3+ Kd7 53. Rxb6 Rg1 54. Rb7+ Kc6 55. Ree7 Qe1+ 56. Ke3 Qxc3+ 57. Bd3 Re1+ 58. Kf2 Rxe7 59. Rxe7 Qxd3 60. Rxf7 Kd6 61. f6 Qf5+ 0-1

[Event "Zadar op-B 13th"]
[Site "Zadar"]
[Date "2006.12.11"]
[Round "1.5"]
[White "Medic, Miljenko"]
[Black "Peric, Davor"]
[Result "1-0"]
[WhiteElo "2264"]
[BlackElo "1949"]
[PlyCount "149"]
[EventDate "2006.12.11"]
[EventType "swiss"]
[EventRounds "9"]
[EventCountry "CRO"]
[SourceTitle "CBM 115 Extra"]
[Source "ChessBase"]
[SourceDate "2007.01.10"]
[SourceVersion "1"]
[SourceVersionDate "2007.01.10"]
[SourceQuality "1"]

1. d4 f5 2. Nf3 Nf6 3. g3 e6 4. Bg2 d5 5. 0-0 c6 6. b3 Bd6 7. Ba3 0-0 8. c4 Re8 9. Bxd6 Qxd6 10. Qc2 Nbd7 11. cxd5 exd5 12. Qxf5 Rxe2 13. Nc3 Nf8 14. Qd3 Re8 15. Ne5 Ng4 16. f4 Qh6 17. Nxg4 Bxg4 18. Rfe1 Qh5 19. Re5 Rxe5 20. dxe5 Bf5 21. Qd2 Rd8 22. Ne4 Bxe4 23. Bxe4 Ne6 24. Bd3 Rf8 25. Rf1 Nc5 26. Bc2 Ne6 27. Kg2 Qh6 28. b4 Rd8 29. Qd3 g6 30. Qe3 Qg7 31. Qxa7 Kh8 32. Qe3 d4 33. Qe4 c5 34. Bb3 Qe7 35. a3 d3 36. Rd1 Rd4 37. Qe3 c4 38. Bxc4 Rxc4 39. Rxd3 Rc2+ 40. Rd2 Rc4 41. Rd6 b5 42. Qb6 Nf8 43. Qd8 Rc2+ 44. Kh3 Qxd8 45. Rxd8 Kg7 46. Rb8 Rc3 47. Rxb5 Rxa3 48. Rb7+ Kg8 49. b5 Rb3 50. Kh4 Ne6 51. b6 Rb2 52. Kg4 h5+ 53. Kf3 Rb3+ 54. Kf2 Rb2+ 55. Ke3 Rb3+ 56. Kd2 Rb5 57. Kc3 Rb1 58. Kc4 Kf8 59. Kd5 Nd8 60. Rb8 Ke7 61. h3 Rd1+ 62. Ke4 Re1+ 63. Kf3 Rf1+ 64. Kg2 Rb1 65. g4 h4 66. f5 Rb2+ 67. Kf3 gxf5 68. gxf5 Nc6 69. Rb7+ Ke8 70. e6 Rb4 71. Ke3 Rb3+ 72. Kf4 Rb4+ 73. Kg5 Rb5 74. Kf6 Rd5 75. Rh7 1-0

[Event "Pula op 19th"]
[Site "Pula"]
[Date "2005.06.24"]
[Round "7"]
[White "Medic, Miljenko"]
[Black "Sedlak, Nikola"]
[Result "0-1"]
[WhiteElo "2267"]
[BlackElo "2514"]
[PlyCount "78"]
[EventDate "2005.06.19"]
[EventType "swiss"]
[EventRounds "9"]
[EventCountry "CRO"]
[SourceTitle "CBM 106 Extra"]
[Source "ChessBase"]
[SourceDate "2005.07.01"]
[SourceVersion "1"]
[SourceVersionDate "2005.07.01"]
[SourceQuality "1"]

1. d4 d5 2. c4 c6 3. Nf3 Nf6 4. cxd5 cxd5 5. Nc3 Nc6 6. Bf4 a6 7. Rc1 Bf5 8. e3 Rc8 9. Be2 e6 10. 0-0 Nd7 11. a3 Be7 12. Na4 g5 13. Bg3 h5 14. Ne5 h4 15. Bh5 Ncxe5 16. Rxc8 Qxc8 17. Bxe5 Nxe5 18. dxe5 Bc2 19. Qg4 Rxh5 20. Rc1 Qc6 21. Qxh5 Qxa4 22. Qe2 Bg6 23. Rc8+ Kd7 24. Rc3 Qe4 25. Rc1 Qxe5 26. g3 hxg3 27. hxg3 Bf6 28. Rc3 Qe4 29. Rc1 Qd3 30. Qg4 Qb3 31. Rd1 Bxb2 32. a4 Bc2 33. Re1 Bc3 34. Rf1 Qxa4 35. Qh5 Bg6 36. Qxg5 Qb4 37. Kh2 a5 38. g4 a4 39. f4 Qb2+ 0-1

[Event "IPCA World Cup"]
[Site "Hrabyne"]
[Date "2003.08.07"]
[Round "8"]
[White "Medic, Miljenko"]
[Black "Snyta, Zdenek"]
[Result "0-1"]
[WhiteElo "2306"]
[BlackElo "2101"]
[PlyCount "86"]
[EventDate "2003.08.01"]
[EventType "swiss"]
[EventRounds "9"]
[EventCountry "CZE"]
[SourceTitle "CBM 095 Extra"]
[Source "ChessBase"]
[SourceDate "2003.09.04"]
[SourceVersion "1"]
[SourceVersionDate "2003.09.04"]
[SourceQuality "1"]

1. d4 Nf6 2. c4 e5 3. dxe5 Ng4 4. Nf3 Nc6 5. Bf4 Bb4+ 6. Nbd2 Qe7 7. a3 Ncxe5 8. Nxe5 Nxe5 9. e3 Bd6 10. Bg3 Ng6 11. Rc1 Bxg3 12. hxg3 Ne5 13. c5 b6 14. cxb6 axb6 15. Rxc7 Nc6 16. Nc4 0-0 17. Nxb6 Rb8 18. Nxc8 Qe5 19. Rxd7 Rxb2 20. Bd3 Qc3+ 21. Kf1 g6 22. Ba6 Rc2 23. Qe1 Qxa3 24. Bb7 Rd8 25. Ne7+ Kg7 26. Rxd8 Nxd8 27. Bf3 Rc1 28. Bd1 Qd3+ 29. Be2 Rxe1+ 30. Kxe1 Qb1+ 31. Bd1 Qb4+ 32. Kf1 Qxe7 33. Kg1 Qd6 34. Bf3 Qd2 35. Rh4 Qe1+ 36. Kh2 Qxf2 37. Rd4 Ne6 38. Rd3 h5 39. Bd5 h4 40. gxh4 Qxh4+ 41. Kg1 Qe1+ 42. Kh2 Qe2 43. Rb3 Qh5+ 0-1